000 00646nam a2200205Ia 4500
003 GCL
008 140319s9999 xx 000 0 ara d
020 _a3647235977
040 _aGCL /
_cGCL
082 0 4 _a818.03
_bم ا
100 1 _aمصطفى عبدالغنى
245 1 0 _aاعترافات عبدالرحمن الشرقاوى /
_cمصطفى عبدالغنى
260 _aالقاهرة :
_bالمجلس الاعلى للثقافة ،
_c1996
300 _a143 ص ؛
_c22 سم
650 0 4 _aالادب العربى
650 0 4 _aالادب
650 0 4 _aالمذكرات
650 0 4 _aالتراجم الذاتية
942 _2ddc
_cBK
999 _c50128
_d50128